<?xml version="1.0" encoding="UTF-8"?>
<record
    xmlns:xsi="http://www.w3.org/2001/XMLSchema-instance"
    xsi:schemaLocation="http://www.loc.gov/MARC21/slim http://www.loc.gov/standards/marcxml/schema/MARC21slim.xsd"
    xmlns="http://www.loc.gov/MARC21/slim">

  <leader>03565naa a2200433Ia 4500</leader>
  <controlfield tag="003">OSt</controlfield>
  <controlfield tag="005">20260604093128.0</controlfield>
  <controlfield tag="008">260604s2017    xx            000 0 und d</controlfield>
  <datafield tag="040" ind1=" " ind2=" ">
    <subfield code="b">eng</subfield>
    <subfield code="c">Foundation University </subfield>
  </datafield>
  <datafield tag="050" ind1=" " ind2=" ">
    <subfield code="a">GS (MAED-GenSci-Th) LG 221 D35 G73</subfield>
    <subfield code="b">A5 E38 G46 2010 R34</subfield>
  </datafield>
  <datafield tag="099" ind1=" " ind2=" ">
    <subfield code="a">1515</subfield>
  </datafield>
  <datafield tag="100" ind1=" " ind2=" ">
    <subfield code="a">Ragpa, Rizalene V.,</subfield>
    <subfield code="9">3222</subfield>
    <subfield code="e">author.</subfield>
  </datafield>
  <datafield tag="245" ind1="1" ind2="0">
    <subfield code="a">Reproductive health-seeking behaviors of Foundation University college graduating students /</subfield>
    <subfield code="c">by Rizalene V. Ragpa.</subfield>
  </datafield>
  <datafield tag="260" ind1=" " ind2=" ">
    <subfield code="a">Dumaguete City :</subfield>
    <subfield code="b">Foundation University, </subfield>
    <subfield code="c">2010.</subfield>
  </datafield>
  <datafield tag="264" ind1=" " ind2=" ">
    <subfield code="c">2010.</subfield>
    <subfield code="4">2010.</subfield>
  </datafield>
  <datafield tag="300" ind1=" " ind2=" ">
    <subfield code="a">xiv, 103 leaves :</subfield>
    <subfield code="b">ill. (col.) ;</subfield>
    <subfield code="c">28 cm</subfield>
    <subfield code="3">volume</subfield>
    <subfield code="f">resources</subfield>
  </datafield>
  <datafield tag="336" ind1=" " ind2=" ">
    <subfield code="2">rdacontent</subfield>
    <subfield code="a">text</subfield>
    <subfield code="b">txt</subfield>
  </datafield>
  <datafield tag="337" ind1=" " ind2=" ">
    <subfield code="2">rdamedia</subfield>
    <subfield code="a">unmediated</subfield>
    <subfield code="b">n</subfield>
  </datafield>
  <datafield tag="338" ind1=" " ind2=" ">
    <subfield code="3">GS (MAED-GenSci-Th)</subfield>
    <subfield code="a">volume</subfield>
    <subfield code="b">nc</subfield>
    <subfield code="2">rdacarrier</subfield>
  </datafield>
  <datafield tag="490" ind1=" " ind2=" ">
    <subfield code="a">GS (MAED-GenSci-Th)</subfield>
  </datafield>
  <datafield tag="502" ind1=" " ind2=" ">
    <subfield code="a">Graduate thesis (Education Major in General Science, Master of Arts in) -- Foundation University, 2010.</subfield>
  </datafield>
  <datafield tag="504" ind1=" " ind2=" ">
    <subfield code="a">Includes bibliographical references and appendices</subfield>
  </datafield>
  <datafield tag="520" ind1=" " ind2=" ">
    <subfield code="a">Abstract
The study aimed to determine the reproductive health seeking
behaviours of Foundation University college graduating students for the
academic year 2008-2009. One hundred ninety-eight respondents were chosen
randomly and the primary instrument used in the study was a self-administered
questionnaire. The statistical tools utilized to get the desired results were
percentage, weighted mean, t-test and chi-square.
The result revealed that majority of the respondents were female, single,
Catholic and came from urban places. They rarely experienced reproductive
health problems, although the common but rare problems cited were rashes in
the male and female genitalia. The respondents rarely took action on the
identifed problems. However, they were motivated by factors such as the desire
to stay healthy and the fear of having AIDS. There is stilla little stigma attached
to reproductive health problems but most of them were moderately aware of the
existing reproductive health issues like Premarital Sex and Unplanned Pregnancy. In testing for the significant difference between the respondents
awareness on the common health issues when they are grouped according to
gender, marital status, religion and place of origin, the study revealed that there
was no Significant difference between their perceptions on the said issues based
on said socio-demographic profile. However, there was a significant relationship
between the respondent awareness on the common health issues and the
reproductive health problems they experienced.</subfield>
  </datafield>
  <datafield tag="650" ind1=" " ind2=" ">
    <subfield code="a">Reproductive health </subfield>
    <subfield code="z">Philippines.</subfield>
    <subfield code="9">17144</subfield>
  </datafield>
  <datafield tag="650" ind1=" " ind2=" ">
    <subfield code="a">Health behavior </subfield>
    <subfield code="z">Philippines.</subfield>
    <subfield code="9">17145</subfield>
  </datafield>
  <datafield tag="650" ind1=" " ind2=" ">
    <subfield code="a">College students</subfield>
    <subfield code="x">Health and hygiene</subfield>
    <subfield code="z">Philippines.</subfield>
    <subfield code="9">17146</subfield>
  </datafield>
  <datafield tag="650" ind1=" " ind2=" ">
    <subfield code="a">Health education</subfield>
    <subfield code="z">Philippines.</subfield>
    <subfield code="9">17147</subfield>
  </datafield>
  <datafield tag="650" ind1=" " ind2=" ">
    <subfield code="a">Health services accessibility</subfield>
    <subfield code="z">Philippines.</subfield>
    <subfield code="9">17148</subfield>
  </datafield>
  <datafield tag="650" ind1=" " ind2=" ">
    <subfield code="a">Youth</subfield>
    <subfield code="x">Health and hygiene</subfield>
    <subfield code="z">Philippines.</subfield>
    <subfield code="9">17149</subfield>
  </datafield>
  <datafield tag="650" ind1=" " ind2=" ">
    <subfield code="a">University students</subfield>
    <subfield code="z">Philippines.</subfield>
    <subfield code="9">17150</subfield>
  </datafield>
  <datafield tag="658" ind1=" " ind2=" ">
    <subfield code="a">Thesis Writing 2 (Pre/Final Oral Defense) :</subfield>
    <subfield code="b">Education Major in General Science, Master of Arts in ;</subfield>
    <subfield code="c">MA 101.</subfield>
  </datafield>
  <datafield tag="690" ind1=" " ind2=" ">
    <subfield code="2">FU</subfield>
    <subfield code="a">academic performance</subfield>
    <subfield code="9">1773</subfield>
  </datafield>
  <datafield tag="690" ind1=" " ind2=" ">
    <subfield code="2">FU</subfield>
    <subfield code="a">computer interactive simulato</subfield>
    <subfield code="9">14589</subfield>
  </datafield>
  <datafield tag="690" ind1=" " ind2=" ">
    <subfield code="2">FU</subfield>
    <subfield code="a"> conventional teaching method</subfield>
    <subfield code="9">14590</subfield>
  </datafield>
  <datafield tag="690" ind1=" " ind2=" ">
    <subfield code="2">FU</subfield>
    <subfield code="a">enzyme</subfield>
    <subfield code="9">14591</subfield>
  </datafield>
  <datafield tag="690" ind1=" " ind2=" ">
    <subfield code="2">FU</subfield>
    <subfield code="a">localized instructional material</subfield>
    <subfield code="9">14592</subfield>
  </datafield>
  <datafield tag="900" ind1=" " ind2="0">
    <subfield code="4">Sapalaran, James O., cataloger</subfield>
  </datafield>
  <datafield tag="942" ind1=" " ind2=" ">
    <subfield code="2">lcc</subfield>
    <subfield code="c">TH</subfield>
    <subfield code="h">LG 221 D35 G73 </subfield>
    <subfield code="i">A5 E38 G46 2010 R34</subfield>
    <subfield code="k">GS (MAED-GenSci-Th) </subfield>
  </datafield>
  <datafield tag="999" ind1=" " ind2=" ">
    <subfield code="c">6256</subfield>
    <subfield code="d">6256</subfield>
  </datafield>
  <datafield tag="952" ind1=" " ind2=" ">
    <subfield code="0">0</subfield>
    <subfield code="1">0</subfield>
    <subfield code="2">lcc</subfield>
    <subfield code="4">0</subfield>
    <subfield code="7">4</subfield>
    <subfield code="8">NFIC</subfield>
    <subfield code="a">FOUNDATION</subfield>
    <subfield code="b">FOUNDATION</subfield>
    <subfield code="c">MAIN-THE,DISS</subfield>
    <subfield code="d">2026-06-04</subfield>
    <subfield code="e">Donated</subfield>
    <subfield code="l">0</subfield>
    <subfield code="o">GS (MAED-GenSci-Th) LG 221 D35 G73 A5 E38 G46 2010 R34</subfield>
    <subfield code="p">0232026007009016</subfield>
    <subfield code="r">2026-06-04 09:32:10</subfield>
    <subfield code="w">2026-06-04</subfield>
    <subfield code="y">TH</subfield>
    <subfield code="k">GenSci-Th-2026016</subfield>
  </datafield>
</record>
